Hematology in Clinical Practice (Record no. 341)
[ view plain ]
| 000 -LEADER | |
|---|---|
| fixed length control field | 00642nam a22002297a 4500 |
| 003 - CONTROL NUMBER IDENTIFIER | |
| control field | OSt |
| 005 - DATE AND TIME OF LATEST TRANSACTION | |
| control field | 20161020141326.0 |
| 008 - FIXED-LENGTH DATA ELEMENTS--GENERAL INFORMATION | |
| fixed length control field | 140813b xxu||||| |||| 00| 0 eng d |
| 020 ## - INTERNATIONAL STANDARD BOOK NUMBER | |
| International Standard Book Number | 9780071626996 |
| 020 ## - INTERNATIONAL STANDARD BOOK NUMBER | |
| International Standard Book Number | 9780071712764 |
| 040 ## - CATALOGING SOURCE | |
| Transcribing agency | DLC |
| 082 ## - DEWEY DECIMAL CLASSIFICATION NUMBER | |
| Classification number | WH100 H37h 2011 |
| 100 ## - MAIN ENTRY--PERSONAL NAME | |
| Personal name | Robert S. Hillman,[et...al] |
| 9 (RLIN) | 889 |
| 245 ## - TITLE STATEMENT | |
| Title | Hematology in Clinical Practice |
| 250 ## - EDITION STATEMENT | |
| Edition statement | 5th ed. |
| 260 ## - PUBLICATION, DISTRIBUTION, ETC. (IMPRINT) | |
| Place of publication, distribution, etc. | New York: |
| Name of publisher, distributor, etc. | McGraw-Hill ; |
| Date of publication, distribution, etc. | 2011. |
| 300 ## - PHYSICAL DESCRIPTION | |
| Extent | vii,503 p. : |
| Other physical details | col.ill ; |
| Dimensions | 30 cm. |
| 504 ## - BIBLIOGRAPHY, ETC. NOTE | |
| Bibliography, etc | Includes Bibliographical references and index |
| 650 ## - SUBJECT ADDED ENTRY--TOPICAL TERM | |
| Topical term or geographic name as entry element | Clinical Hematology |
| 9 (RLIN) | 890 |
| 650 ## - SUBJECT ADDED ENTRY--TOPICAL TERM | |
| Topical term or geographic name as entry element | Haematology |
| 9 (RLIN) | 898 |
| 942 ## - ADDED ENTRY ELEMENTS (KOHA) | |
| Source of classification or shelving scheme | Other/Generic Classification Scheme |
| Koha item type | Book Bank |
| Withdrawn status | Lost status | Source of classification or shelving scheme | Damaged status | Not for loan | Home library | Current library | Date acquired | Source of acquisition | Inventory number | Total Checkouts | Full call number | Barcode | Date last seen | Koha item type | Date last checked out | Checked out |
|---|---|---|---|---|---|---|---|---|---|---|---|---|---|---|---|---|
| Other/Generic Classification Scheme | MUST Main Library | MUST Main Library | 13/08/2014 | 12/36291 | WH 100 H37h 2011 | 2014-2120 | 13/08/2014 | Book Bank | ||||||||
| Other/Generic Classification Scheme | MUST Main Library | MUST Main Library | 13/08/2014 | 12/36295 | WH 100 H37h 2011 | 2014-2121 | 13/08/2014 | Book Bank | ||||||||
| Other/Generic Classification Scheme | MUST Main Library | MUST Main Library | 13/08/2014 | 12/36290 | WH 100 H37h 2011 | 2014-2122 | 13/08/2014 | Book Bank | ||||||||
| Other/Generic Classification Scheme | MUST Main Library | MUST Main Library | 13/08/2014 | 12/362941 | 1 | WH 100 H37h 2011 | 2014-2123 | 30/09/2022 | Book Bank | 18/07/2022 | ||||||
| Other/Generic Classification Scheme | MUST Main Library | MUST Main Library | 13/08/2014 | 12/36292 | 1 | WH 100 H37h 2011 | 2014-2124 | 02/12/2019 | Book Bank | 28/08/2019 | ||||||
| Other/Generic Classification Scheme | MUST Main Library | MUST Main Library | 13/08/2014 | 12/36288 | WH 100 H37h 2011 | 2014-2125 | 13/08/2014 | Book Bank | ||||||||
| Other/Generic Classification Scheme | MUST Main Library | MUST Main Library | 13/08/2014 | 12/36289 | WH 100 H37h 2011 | 2014-2126 | 13/08/2014 | Book Bank | ||||||||
| Other/Generic Classification Scheme | MUST Main Library | MUST Main Library | 13/08/2014 | 12/36287 | WH 100 H37h 2011 | 2014-2127 | 13/08/2014 | Book Bank | ||||||||
| Other/Generic Classification Scheme | MUST Main Library | MUST Main Library | 13/08/2014 | 12/36293 | 3 | WH 100 H37h 2011 | 2014-2128 | 21/01/2021 | Book Bank | 04/02/2020 | ||||||
| Other/Generic Classification Scheme | MUST Main Library | MUST Main Library | 13/08/2014 | 12/36296 | WH 100 H37h 2011 | 2014-2129 | 13/08/2014 | Book Bank | ||||||||
| Other/Generic Classification Scheme | MUST Main Library | MUST Main Library | 23/03/2015 | 15/38948 | 1 | WH 100 H37h 2011 | 2015-0545 | 10/09/2021 | Book Bank | 10/09/2021 | 10/09/2021 | |||||
| Other/Generic Classification Scheme | MUST Main Library | MUST Main Library | 23/03/2015 | 15/38949 | WH 100 H37h 2011 | 2015-0546 | 23/03/2015 | Book Bank |
